Smallest and Largest Countries of the World - Statistics

General Stats
  • This quiz has been taken 46 times
  • The average score is 17 of 20
Answer Stats
Area (km2) Country % Correct
9,984,670 Canada
100%
9,596,961 China
100%
2.02 Monaco
100%
17,098,246 Russia
100%
9,833,517 USA
100%
0.49 Vatican City
100%
8,515,767 Brazil
97%
3,287,263 India
97%
61 San Marino
94%
2,780,400 Argentina
87%
7,692,024 Australia
87%
2,724,900 Kazakhstan
87%
160 Liechtenstein
87%
21 Nauru
87%
26 Tuvalu
81%
2,381,741 Algeria
77%
261 St Kitts and Nevis
74%
181 Marshall Islands
68%
300 Maldives
65%
316 Malta
58%
No matching quizzes found
Score Distribution
Percent of People with Each Score
Percentile by Number Answered
Your Score History
You have not taken this quiz